000 00754cam a2200241 a 4500
999 _c2406
_d2406
001 8231
003 OSt
005 20230508112742.0
008 161209s2015 enka b 000 1 eng
020 _a9780340746769 :
_q(pbk.)
040 _aTWNTU
_beng
_dKH8
_cTWNTU
041 0 _aeng
042 _anbic
082 0 4 _a813.54 INK
_223
099 _a836E
100 1 _aInkpen, Mick.
_eAuthor
245 1 0 _aKipper story collection :
_bKipper, Kipper's toybox, Kipper's birthday, Kipper's snowy day /
_c[Mick Inkpen]
260 _aLondon :
_bHodder Children's Books,
_c2015.
300 _a1 v. (unpaged) :
_bcol. ill. ;
_c24 cm.
500 _aPictorial works
650 0 _aKipper (Fictitious character)
_vPictorial works
_vJuvenile fiction.
942 _2ddc
_cFIC